<?xml version="1.0" encoding="UTF-8"?>
<marc:record xmlns:marc="http://www.loc.gov/MARC21/slim">
   <marc:leader>00000nam a2200000 a 4500</marc:leader>
   <marc:datafield ind1=" " ind2=" " tag="653">
      <marc:subfield code="a">CD-Hörbuch</marc:subfield>
   </marc:datafield>
   <marc:datafield ind1="0" ind2="0" tag="245">
      <marc:subfield code="a">Unser Sandmännchen: Unsere lieben Haustiere</marc:subfield>
   </marc:datafield>
   <marc:datafield ind1="0" ind2="0" tag="245">
      <marc:subfield code="b">Wundervolle Gute-Nacht-Geschichten und Lieder</marc:subfield>
   </marc:datafield>
   <marc:datafield ind1=" " ind2="1" tag="264">
      <marc:subfield code="b">Europa Verlag</marc:subfield>
      <marc:subfield code="c">2019</marc:subfield>
   </marc:datafield>
   <marc:datafield ind1="1" ind2=" " tag="490">
      <marc:subfield code="a">Unser Sandmännchen</marc:subfield>
      <marc:subfield code="v">Folge 18</marc:subfield>
   </marc:datafield>
   <marc:datafield ind1="1" ind2=" " tag="520">
      <marc:subfield code="a">Wenn es Zeit wird, ins Bett zu gehen, freuen sich die Kinder auf Geschichten und Lieder, die sie mit in ihren Traum nehmen können: Geschichten über ihre geliebten Haustiere, wie z.B. nachtaktive Hamster, die in ihrem Laufrad rennen, einen Wurf quirliger Hundewelpen oder Kätzchen, die nachts auf die Jagd gehen und ihre Beute am nächsten Morgen stolz der Familie zum Frühstück präsentieren.&#xD;
&#xD;
1 Zwölf kleine Racker (Geschichte) 1. Zwölf kleine Racker (Geschichte)&#xD;
2 Hallo, ich bin dein Goldfisch 2. Hallo, ich bin dein Goldfisch&#xD;
3 Knuffi möchte nicht schlafen (Geschichte) 3. Knuffi möchte nicht schlafen (Geschichte)&#xD;
4 Kannst du raten, was mein Haustier ist 4. Kannst du raten, was mein Haustier ist&#xD;
5 Lilo ist verschwunden (Geschichte) 5. Lilo ist verschwunden (Geschichte)&#xD;
6 Wer hat meinen Hamster gesehen? 6. Wer hat meinen Hamster gesehen?&#xD;
7 Bitte keine Haustiere mitbringen (Geschichte) 7. Bitte keine Haustiere mitbringen (Geschichte)&#xD;
8 Mein Papagei 8. Mein Papagei&#xD;
9 Unser Esel Elmo (Geschichte) 9. Unser Esel Elmo (Geschichte)&#xD;
10 Was heißt gute Nacht? 10. Was heißt gute Nacht?</marc:subfield>
   </marc:datafield>
   <marc:datafield ind1=" " ind2=" " tag="041">
      <marc:subfield code="a">ger</marc:subfield>
   </marc:datafield>
   <marc:datafield ind1=" " ind2=" " tag="338">
      <marc:subfield code="a">Audiodisk</marc:subfield>
   </marc:datafield>
   <marc:datafield ind1=" " ind2=" " tag="300">
      <marc:subfield code="a">1</marc:subfield>
   </marc:datafield>
</marc:record>
